000 01085cam a22003134a 4500
999 _c18903
_d18903
001 15057063
003 OSt
005 20210602102118.0
008 071024s2008 njua b 001 0 eng
010 _a 2007044290
020 _a9780131738560 (hbk. : alk. paper)
020 _a0131738569 (hbk. : alk. paper)
035 _a(OCoLC)ocn176890225
035 _a(OCoLC)176890225
040 _aMMU
_cMMU
_dMMU
_beng
050 0 0 _aQA76.9.A25
_bM3138 2008
082 0 0 _a004.16
_222
245 0 0 _aMainframe basics for security professionals :
_bgetting started with RACF /
_cOri Pomerantz ... [et al.].
260 _aUpper Saddle River, NJ :
_bIBM Press/Pearson,
_cc2008.
300 _axxi, 156 p. :
_bill. ;
_c25 cm.
504 _aIncludes bibliographical references and index.
630 0 0 _az/OS.
650 0 _aComputer security.
650 0 _aElectronic digital computers.
700 1 _aPomerantz, Ori.
856 4 1 _3Table of contents only
_uhttp://www.loc.gov/catdir/toc/ecip083/2007044290.html
906 _a7
_bcbc
_corignew
_d1
_eecip
_f20
_gy-gencatlg
942 _2lcc
_cLOAN LOAN